| 000 | 01147 a2200217 4500 | ||
|---|---|---|---|
| 001 | 59015 | ||
| 005 | 20260407155845.0 | ||
| 008 | 260407a1963 arg spa d | ||
| 003 | AR-UNSa-BCEJYS | ||
| 040 |
_aAR-UNSa-BCEJYS _bspa _cAR-UNSa-BCEJYS |
||
| 080 |
_a338.1 _xSituación económica. Ciclos. Desarrollo de la estructura económica |
||
| 245 | 1 | 0 | _aUna aportación a la teoria del ciclo económico |
| 250 | _a3a.ed. | ||
| 264 | 1 |
_aMadrid : _bAguilar _c1963 |
|
| 300 |
_a268 p. _c18 cm. |
||
| 505 | _a1. Antecedentes – 2. El ahorro, la inversión y el multiplicador – 3. El multiplicador en una economía dinámica – 4. Inversión inducida – 5. El acelerador, en acción-I: La posibilidad de equilibrio – 6. El acelerador, en acción-II: Inestabilidad del equilibrio – 7. ¿Ciclos libres o limitados? – 8. El ciclo en esquema – 9. Periodicidad y regularidad – 10. Reconsideración de los problemas del “techo” – 11. El factor monetario – 12. La posición del factor monetario | ||
| 942 | _cBK | ||
| 590 | _aniveau_biblio:m niveau_hierar:0 | ||
| 100 | 1 | _aHicks, John Richard | |
| 700 | 1 | _aSempere Colomina, Gregorio | |
| 999 |
_c6568 _d6568 |
||